Time to sell jumps as housing demand weakens[electronic resource] (Record no. 114677)
[ view plain ]
| 000 -LEADER | |
|---|---|
| fixed length control field | 00880cad a22002055a 4500 |
| 001 - CONTROL NUMBER | |
| control field | L157250 |
| 008 - FIXED-LENGTH DATA ELEMENTS--GENERAL INFORMATION | |
| fixed length control field | 121005e20121001xxk f 000 0 eng d |
| 035 ## - SYSTEM CONTROL NUMBER | |
| System control number | (Sirsi) u157250 |
| 041 0# - LANGUAGE CODE | |
| Language code of text/sound track or separate title | eng |
| 100 1# - MAIN ENTRY--PERSONAL NAME | |
| Personal name | Donnell, Richard |
| 245 00 - TITLE STATEMENT | |
| Title | Time to sell jumps as housing demand weakens[electronic resource] |
| 260 ## - PUBLICATION, DISTRIBUTION, ETC. | |
| Date of publication, distribution, etc. | 2012 |
| 490 #0 - SERIES STATEMENT | |
| Series statement | Hometrack Monthly National Housing Survey |
| Volume/sequential designation | 1 October 2012 |
| 520 ## - SUMMARY, ETC. | |
| Summary, etc. | House prices fell by 0.1% in September. Pricing will remain under slow downward pressure but a tightening in supply will limit the scale price falls in the short term. |
| 590 ## - LOCAL NOTE (RLIN) | |
| Local note | KA |
| 651 #4 - SUBJECT ADDED ENTRY--GEOGRAPHIC NAME | |
| Geographic name | United Kingdom |
| Chronological subdivision | |
| 690 ## - LOCAL SUBJECT ADDED ENTRY--TOPICAL TERM (OCLC, RLIN) | |
| Topical term or geographic name as entry element | Residential property |
| 9 (RLIN) | 6266 |
| 856 40 - ELECTRONIC LOCATION AND ACCESS | |
| Uniform Resource Identifier | <a href="https://www.hometrack.co.uk/our-insight/monthly-national-house-price-survey/time-to-sell-jumps-as-housing-demand-weakens">https://www.hometrack.co.uk/our-insight/monthly-national-house-price-survey/time-to-sell-jumps-as-housing-demand-weakens</a> |
| Public note | View this item free of charge at www.hometrack.co.uk |
| 942 ## - ADDED ENTRY ELEMENTS (KOHA) | |
| Suppress in OPAC | 0 |
| Withdrawn status | Lost status | Source of classification or shelving scheme | Damaged status | Not for loan | Home library | Current library | Shelving location | Date acquired | Total Checkouts | Full call number | Barcode | Date last seen | Copy number | Price effective from | Koha item type |
|---|---|---|---|---|---|---|---|---|---|---|---|---|---|---|---|
| Dewey Decimal Classification | Virtual | Virtual | Online | 05/10/2012 | ONLINE PUBLICATION | 157250-2001 | 06/08/2019 | 1 | 06/08/2019 | Book |